MARC

LEADER 00000nam0a2200000 4500
001 267957
005 20231101234126.0
035 |a (RuTPU)RU\TPU\book\291070 
035 |a RU\TPU\book\131053 
090 |a 267957 
100 |a 20140822d1962 m y0rusy50 ca 
101 0 |a rus 
102 |a RU 
105 |a a j 000zy 
200 1 |a Составление химических уравнений  |e учебное пособие для вузов  |f А. А. Кудрявцев 
205 |a 3-е изд., перераб. и доп. 
210 |a Москва  |c Высшая школа  |d 1962 
215 |a 311 с.  |c ил. 
606 1 |a Электрохимические реакции, окислительно-восстановительные  |2 stltpush  |3 (RuTPU)RU\TPU\subj\70832  |9 85002 
606 1 |a Химические уравнения  |x Составление  |2 stltpush  |3 (RuTPU)RU\TPU\subj\80809  |9 88371 
610 1 |a составление 
610 1 |a учебные пособия 
610 1 |a обмен 
610 1 |a растворы 
610 1 |a окислительно-восстановительные реакции 
610 1 |a упражнения 
610 1 |a задачи 
610 1 |a электролиты 
610 1 |a решение 
675 |a 544.4(075.8)  |v 3 
675 |a 544.653.2/.3(075.8)  |v 3 
700 1 |a Кудрявцев  |b А. А.  |g Александр Андреевич 
801 1 |a RU  |b 63413507  |c 20070908  |g PSBO 
801 2 |a RU  |b 63413507  |c 20221004  |g PSBO 
942 |c BK